Normal view
MARC view
- Fahad Arif Syed Moosa Habib Ihtisham Ahmed Khattak Gulsher Khan Hamza Ahad Ammar Ahmed Muhammad Hamza Ahad
Entry Personal Name
001 - CONTROL NUMBER
- control field: 119854
003 - CONTROL NUMBER IDENTIFIER
- control field: NUST
005 - DATE AND TIME OF LATEST TRANSACTION
- control field: 20240105153109.0
008 - FIXED-LENGTH DATA ELEMENTS
- fixed length control field: 240105|| aca||aabn | a|a d
040 ## - CATALOGING SOURCE
- Original cataloging agency: NUST
- Transcribing agency: NUST
100 ## - HEADING--PERSONAL NAME
- Personal name: Fahad Arif Syed Moosa Habib Ihtisham Ahmed Khattak Gulsher Khan Hamza Ahad Ammar Ahmed Muhammad Hamza Ahad
670 ## - SOURCE DATA FOUND
- Source citation: Work cat.: (NUST)607260: Fahad Arif Syed Moosa Habib Ihtisham Ahmed Khattak Gulsher Khan Hamza Ahad Ammar Ahmed Muhammad Hamza Ahad, PR-SOF-2241-MRAP- Design and Development of Alternator Performance Analyzer at 12 / 24V, 600A for Alternator Testing in Complete RPM Range, 2023.
